[Event "Bazna Kings 3rd"]
[Site "Bazna"]
[Date "2009.06.20"]
[Round "6"]
[White "Ivanchuk, Vassily"]
[Black "Nisipeanu, Liviu Dieter"]
[Result "1-0"]
[WhiteElo "2746"]
[BlackElo "2675"]
[Annotator "Ftacnik,L"]
[PlyCount "47"]
[EventDate "2009.06.14"]
[EventType "tourn"]
[EventRounds "10"]
[EventCountry "ROU"]
[EventCategory "20"]
[SourceTitle "CBM 131"]
[Source "ChessBase"]
[SourceDate "2009.07.15"]
[SourceVersion "1"]
[SourceVersionDate "2009.07.15"]
[SourceQuality "1"]

1. e4 c5 2. Nf3 e6 3. d4 cxd4 4. Nxd4 Nf6 5. Nc3 d6 6. Be3 Be7 7. f4 O-O 8. Qf3
{The variations with the white queen on the f3-square are quite unpleasant for
the defender. The white king can castle to the queenside and the lady controls
the centre and both flanks as well.} e5 9. Nf5 Bxf5 10. exf5 Nbd7 11. Bc4 {
Ivanchuk has no reason to hide his high ambitions. The white-squared bishop
has lost its counterpart and thus its control of the a2-g8 diagonal could play
a significant role. There has been more experience with immediate castling,
but Black's counterplay is rather swift.} (11. O-O-O Rc8 $5 {The idea is to
sacrifice the exchange for the knight on c3 and destroy the shelter for the
white king. The alternative move with the queen to a5 would be less precise as
it enables 12.Bc4.} (11... Qa5 12. Bc4 (12. Kb1 $6 Rac8 13. Nd5 Nxd5 14. Rxd5
Qc7 15. Rd2) (12. g4 Rac8 13. Bd2 $1 (13. g5 Rxc3 14. gxf6 Rxe3 (14... Bxf6 $6
15. bxc3 e4 16. Qxe4 Bxc3 17. Rd3 $16) (14... Nxf6 $1 15. bxc3 d5 $1 16. fxe5 (
16. Kd2 d4 17. Bxd4 exd4 18. Bd3 Nd5 $17 {Kamsky,G-Sakaev,K/URS/1986/}) 16...
Qxc3 17. Rd3 $8 Qa1+ 18. Kd2 Bb4+ 19. c3 Bxc3+ 20. Rxc3 Ne4+ 21. Qxe4 dxe4 22.
Bd4 $19 {Faas-Sakaev,K/URS/1987/0-1 (25)}) 15. Qxe3 Nxf6 (15... Bxf6 16. Bc4
exf4 17. Qxf4 Nc5 18. Qf3 Qb4 19. Bb3 a5 20. c3 Nxb3+ 21. Kc2 Rc8 22. axb3 $16
{Leko,P-Theissen,H/Dortmund Op-A (10)/1992/1-0 (41)}) 16. Bc4 e4 $13) 13... e4
(13... d5 14. Kb1 d4 15. Ne4 Qc7 16. Nxf6+ Nxf6 17. Bd3 $40) 14. Qe2 d5 15. Kb1
Bb4 16. g5 Bxc3 $2 (16... e3 $142 $1 $8 17. Qxe3 Rfe8 $132) 17. Bxc3 Rxc3 18.
bxc3 $1 Nb6 19. Qb5 {1-0 Zarnicki,P (2475)-Sakaev,K (2555)/Moscow 1994 (44)}) (
12. Nd5 Nxd5 13. Qxd5 Qxd5 14. Rxd5 Nf6 15. Rb5 b6 16. Be2 exf4 17. Bxf4 d5 18.
Bf3 Bc5 19. Rd1 Rad8 20. a4 Rfe8 21. a5 Ne4 22. Bc7 $14 {Ivanov,AV-Vehi Bach,V/
Biel/1990/0.5 (43)}) 12... Rac8 13. Bb3 Rxc3 $1 $8 (13... exf4 14. Qxf4 Nc5 15.
Kb1 Nxb3 16. axb3 b5 17. b4 Qa6 18. g4 Rc4 19. Rd4 Rfc8 20. g5 Qc6 21. Rhd1
Rxc3 22. bxc3 $16 {Howell,J-Lukin,A/Yaroslavl/1990/1-0 (31)}) 14. bxc3 d5 $1 (
14... Qxc3 15. Kb1 a5 16. Bd2 Qc7 17. g4 Ra8 18. a4 Qc6 19. Qe2 Ne4 20. g5 Ndc5
{1-0 Giaccio,A (2410)-Valerga,D (2475)/La Carlota 1995 (30)}) 15. Kb1 $1 (15.
Bd2 Rc8 16. Kb1 e4 $1 17. Qh3 h5 $1 18. c4 Qc7 19. cxd5 Bd6 $1 $44 {|^ Agapov,
K-Epishin,V/URS/1987/0-1 (40)}) 15... Ne4 16. Bd2 $1 Nxd2+ 17. Rxd2 e4 18. Qe3
$1 Nb6 19. Rhd1 $16 {Tseitlin,MS-Karpman,V/URS/1988/1-0 (24)}) 12. Kb1 (12. Bd2
Qa5 13. Kb1 d5 14. g4 Bb4 15. g5 Ne4 16. Nxe4 dxe4 17. Bxb4 Qxb4 18. Qb3 Qa5
19. g6 exf4 20. Bc4 Ne5 21. Qh3 hxg6 22. fxg6 Nxg6 {0-1 Shanava,K (2519)
-Stocek,J (2584)/Plovdiv 2008 (27)}) (12. Bb5 Rxc3 13. bxc3 Qc7 14. Bxd7 Nxd7
15. fxe5 dxe5 16. Qd5 Qxc3 17. Qb3 Qc6 18. Qd5 Qc3 19. Qb3 Qc6 20. Qd5 {
1/2-1/2 Hoffmann,M (2469)-Babula,V (2608)/Germany 2008}) (12. g4 Rxc3 13. bxc3
d5 $40) 12... Rxc3 13. bxc3 d5 14. Rxd5 e4 15. Qd1 Nxd5 16. Qxd5 Nb6 17. Qxd8
Rxd8 18. Bb5 Nd5 {1/2-1/2 Karjakin,S (2686)-Nisipeanu,L (2693)/Foros 2007})
11... Rc8 $146 {The small mystery behind the scenes: What would both super
grandmaters have thought about the tempting swap on f4? Current praxis seems
to promise Black fair chances for equality. Nisipeanu's move is a novelty.} (
11... e4 12. Qe2 Qa5 13. O-O-O Rac8 14. Kb1 Rc6 15. Nd5 Nxd5 16. Bxd5 Rc7 17.
g4 Rfc8 18. Bb3 Nc5 19. Rd5 $16 {1-0 Georgiev,K (2490)-Kolev,A (2395)/Bulgaria
1988 (46)}) (11... exf4 $5 12. Bxf4 (12. Qxf4 Nh5 13. Qd4 (13. Qf2 Bh4 14. g3
Bf6 15. O-O Bxc3 16. bxc3 Ne5 17. Be2 Nf6 18. Bd4 Re8 19. Rfe1 Qa5 20. Bf1 Rac8
$11 {0-1 Kupreichik,V (2520)-Yudasin,L (2555)/Leningrad 1989 (41)}) 13... Bf6
14. Qd5 Qe7 15. Kf2 Be5 16. Qf3 Qh4+ 17. g3 Qxc4 18. Qxh5 Bxc3 19. bxc3 Qxc3
$19 {0-1 Kupreichik,V (2520)-Epishin,V (2460)/Leningrad 1989 (34)}) 12... Ne5
13. Bxe5 (13. Qe2 Nxc4 14. Qxc4 d5 15. Qd4 Qc8 16. O-O-O Qxf5 17. Qe5 Qxe5 18.
Bxe5 Ng4 19. Bd4 Rfd8 20. h3 Nf6 21. Bxf6 Bxf6 22. Nxd5 Be5 23. c3 f6 24. Kc2
Kf7 25. g4 {1/2-1/2 Stellwagen,D (2524)-Timman,J (2607)/Almelo 2005}) 13...
dxe5 14. Nd5 e4 15. Qb3 b5 16. Nxf6+ Bxf6 17. Bd5 Qa5+ 18. c3 Rae8 19. O-O e3 {
0-1 Mitkov,N (2455)-Sokolov,A (2585)/Bourbon Lancy 1997 (33)}) 12. Bb3 d5 {
The consequent striving to solve the problems of the centre even at a cost of
sacrifices. Black has to hurry with his escalation of the conflict, since his
relative development advantage is very perishable.} (12... Nc5 13. Bxc5 Rxc5
14. O-O-O exf4 (14... Qc8 15. g4 $1 Qc6 16. Qxc6 Rxc6 17. Rhg1 $16) 15. Rhe1
Rxf5 16. Qxb7 Nd7 17. Qxa7 Ne5 $14) 13. Nxd5 Nxd5 (13... e4 14. Nxe7+ (14. Qd1
Bc5 15. Bxc5 Nxc5 16. Ne3 $11) 14... Qxe7 15. Qe2 Nc5 16. O-O $14) 14. Qxd5
exf4 15. Bxf4 Bb4+ {Black was trying to rob his opponent of the chance to
castle, but unfortunately the bishop on b4 will remain exposed.} (15... Rc5 $5
16. Qd3 (16. Qxb7 Bh4+ 17. g3 Qe7+ 18. Kd1 Rd8 19. Kc1 Rxf5 $13) 16... Nf6 17.
O-O Qxd3 18. cxd3 Rxf5 19. d4 $14) 16. c3 Qe7+ (16... Qh4+ 17. g3 Rfe8+ 18. Kf2
(18. Kd2 Qf6 19. Qxf7+ Qxf7 20. Bxf7+ Kxf7 21. cxb4 Nf6 $14) 18... Bc5+ 19.
Qxc5 Qxf4+ 20. gxf4 Nxc5 21. Kf3 $14) 17. Kf1 Rc5 $6 {It may not have been
possible to magically create enough compensation for the pawn, but this
aggressive move is quite risky.} (17... Bc5 18. Re1 Nb6 19. Qf3 Qd7 20. g3 Qxf5
21. Kg2 $16) (17... Nf6 18. Qe5 Rfe8 19. Qxe7 Bxe7 20. Re1 $16) 18. Re1 (18.
Qd3 Qf6 19. g4 (19. cxb4 Rxf5 20. g3 Ne5 21. Qe4 Ng6 22. Bc2 Re5 23. Qf3 Nxf4
24. gxf4 (24. Qxf4 Qc6 25. Rg1 Qb5+ $19) 24... Rfe8 25. Rc1 Re3 26. Qf2 g6 $17)
19... Ne5 (19... Qc6 20. Rd1 Qxh1+ 21. Kf2 Qc6 22. cxb4 Ne5 23. Qe2 $18) 20.
Bxe5 Qxe5 21. Re1 Qf4+ 22. Kg2 Qxg4+ 23. Qg3 Qxg3+ 24. hxg3 Ba5 25. Re7 Rc7 26.
Rhe1 $16) 18... Qh4 (18... Rxd5 19. Rxe7 Rxf5 20. cxb4 Rxf4+ 21. Ke1 Nb6 22.
Rxb7 Nc4 23. Rxa7 Re8+ 24. Kd1 $16) 19. Qe4 $1 {[%mdl 2048] Ivanchuk has many
chess qualities and an exceptional feeling for pieces is one of them. The
centralisation of the queen prepares her exchange at the cost of parting with
the f5-pawn.} (19. Qxd7 $2 Qxf4+ 20. Kg1 Rxc3 $19) (19. Qf3 Rxf5 20. g4 Rf6 21.
Kg2 Bd6 22. Qg3 Qxg3+ 23. Bxg3 Nc5 $14) 19... Ba5 20. Bd6 (20. g3 Qh3+ 21. Qg2
Qxf5 22. Bc2 Qh5 23. h4 Bb6 24. g4 Qd5 25. Qxd5 Rxd5 26. Rh2 $14) 20... Qxe4
21. Rxe4 Rxf5+ 22. Ke2 Nc5 $2 {Nisipeanu was not able to withstand the
pressure of the complicated fight and commits a huge mistake. On the other
hand even the best defence was not able to eliminate the might of White's long
range pieces.} (22... Nf6 23. Re7 (23. Re3 Ng4 24. Re7 Rf2+ 25. Kd1 Rxb2 $13)
23... Bd8 $1 24. Rxb7 Re8+ 25. Kd1 Ne4 26. Re1 (26. Bg3 $6 Bg5 $14) 26... Nf2+
(26... Nxd6 27. Rxe8+ Nxe8 28. Rb8 Be7 29. Rxe8+ Bf8 30. Ke2 $16) 27. Kd2 Ne4+
28. Rxe4 $1 Rxe4 29. Rb8 Re8 30. Be7 (30. Ba4 $4 Rd5+ 31. Kc2 Re2+ 32. Kb3 Rxd6
$19) (30. Kd3 g6 31. Ba4 Rd5+ 32. Kc4 Rxd6 33. Bxe8 Kf8 34. Bb5 $14) 30... Bxe7
31. Rxe8+ Bf8 32. Kd3 $16) 23. Re3 Rc8 (23... Nxb3 24. Bxf8 Kxf8 25. axb3 Bb6
26. Rf3 $18) 24. g4 {The rook is unable to stay on the 5th rank and defend the
knight on c5.} (24. g4 Rg5 25. h4 Rxg4 26. Bxc5 $18) 1-0

[Event "Tilburg Fontys"]
[Site "Tilburg"]
[Date "1998.10.25"]
[Round "3"]
[White "Adams, Michael"]
[Black "Zvjaginsev, Vadim"]
[Result "1/2-1/2"]
[WhiteElo "2715"]
[BlackElo "2650"]
[Annotator "Ftacnik,L"]
[PlyCount "63"]
[EventDate "1998.10.23"]
[EventType "tourn"]
[EventRounds "11"]
[EventCountry "NED"]
[EventCategory "18"]
[SourceTitle "EXT 1999"]
[Source "ChessBase"]
[SourceDate "1998.11.16"]
[SourceVersion "1"]
[SourceVersionDate "1998.11.16"]
[SourceQuality "1"]

1. e4 c5 2. Nf3 e6 3. d4 cxd4 4. Nxd4 Nc6 5. Nc3 d6 6. f4 Nf6 7. Nf3 Qb6 8. Bd3
d5 (8... Be7 9. Qe2 O-O (9... a6 10. Rb1 (10. Bd2 Qxb2 11. O-O Qb6+ 12. Kh1 Qc7
13. e5 dxe5 14. fxe5 Nd7 15. Rae1 b5 16. Bf4 Bb7 17. Ne4 Nc5 18. Nd6+ Bxd6 19.
exd6 {1-0 Johansson,J-Denis,L/Stockholm 1988/CBM 11 (37)}) (10. a3 g6 11. b3
O-O 12. Bb2 Re8 13. O-O-O Qc7 14. h4 d5 15. e5 d4 16. Ne4 Nd5 17. g3 h5 18. Qd2
b5 19. g4 hxg4 20. h5 gxf3 21. hxg6 Nxe5 22. fxe5 Qxe5 23. g7 Bb7 24. Rh8+ {
1-0 Schneider,L-Hakulinen,E/Eksjoe 1990/EXT 97 (24)}) 10... Bd7 11. Be3 Qc7 12.
O-O Ng4 13. Bd2 b5 14. Rbe1 b4 15. Nd5 Qb7 16. Nxe7 Nxe7 17. Kh1 Bb5 18. c4
bxc3 19. Bxc3 f6 {1/2-1/2 Joentausta,H-Kokkila,T/Tampere 1997/EXT 99 (66)}) 10.
a3 (10. g4 Nxg4 11. Rg1 f5 12. exf5 exf5 13. Bd2 Bh4+ 14. Kf1 Nd4 15. Nxd4 Qxd4
16. Nb5 Qc5 17. h3 Nf6 18. Be3 Qc6 19. Nd4 Qe8 {0-1 Gulko,B-Tukmakov,V/USSR
1970/Inf 09 (30)}) (10. Rb1 Nb4 11. Be3 Nxd3+ 12. cxd3 Qa6 13. O-O Bd7 14. Nd4
Rac8 15. g4 e5 16. Nf5 Bxf5 17. gxf5 Rxc3 18. bxc3 Nxe4 19. Qc2 Nf6 20. fxe5
dxe5 21. Bg5 h6 22. Bxf6 Bxf6 {1/2-1/2 Yudasin,L-Tseitlin,M/St.Petersburg 1997/
CBM 59 (30)}) 10... d5 (10... e5 11. f5 Re8 12. Nd5 Nxd5 13. exd5 Nd4 14. Nxd4
Qxd4 15. Be4 Bd7 16. c3 Qa4 17. Bc2 Qh4+ 18. g3 Qh3 19. Qe4 g6 {0-1 Gershon,
A-Tyomkin,D/Rishon le Zion 1995/EXT 97 (29)}) 11. e5 Nd7 12. Nd1 f6 13. exf6
Nxf6 14. Be3 Qc7 15. O-O Ng4 16. Bd2 e5 17. fxe5 Ncxe5 18. Nxe5 Bc5+ 19. Kh1
Rxf1+ 20. Qxf1 Qxe5 {0-1 Quinones,O-Andersen,B/Tel Aviv 1964/MCD (33)}) (8...
g6 $5 9. Qe2 Bg7 10. Nb5 $1 {><d6} O-O 11. Be3 (11. Nxd6 $6 Qb4+ 12. Bd2 Qxd6
13. e5 $13) 11... Qd8 12. O-O-O a6 13. Nxd6 Qxd6 14. e5 Qc7 (14... Qe7 15. exf6
Qxf6 16. c3 {/\ g4-g5}) 15. exf6 Bxf6 16. Kb1 (16. g4 e5) (16. h4 e5) 16... Nb4
(16... e5 $2 17. fxe5 Nxe5 18. Bf4 $18) 17. Be4 Nd5 $1 $132 18. Bxd5 exd5 19.
Ne5 $1 {1-0 Kosten,A-Sax,G/Hastings 1990/ (63)}) 9. e5 (9. exd5 exd5 10. Qe2+
Be7 11. Nb5 O-O $11) 9... Nd7 10. a3 {The position has obtained the features
of the French defense structure.} (10. Ng5 Be7 11. Qh5 g6 (11... Bxg5 12. Qxg5
O-O 13. Qh5 f5 $13) 12. Qh6 Bf8 13. Qh4 Be7 $13) 10... a6 11. Qe2 Bc5 12. b4 (
12. Na4 Qa5+ 13. Bd2 Qxa4 14. b3 Nd4 15. Nxd4 (15. bxa4 Nxe2 16. Kxe2 b6 $15)
15... Qxd4 16. c3 Qf2+ 17. Qxf2 Bxf2+ 18. Kxf2 Nc5 19. Bc2 Bd7 $13) 12... Nd4
$1 {[%mdl 64] Zvjagincev uses witty tactics to simplify the fight.} 13. bxc5 (
13. Nxd5 $2 Qc6 $1 14. Qd2 Nxf3+ 15. gxf3 Bd4 16. c3 Ba7 17. Ne3 Bxe3 18. Qxe3
Qxc3+ $19) 13... Nxe2 14. cxb6 Nxc3 15. Be3 Na4 16. Rb1 Ndc5 17. Nd2 Bd7 (17...
Nxd3+ 18. cxd3 Bd7 19. Rc1 Bc6 20. Rc2 $14) 18. Be2 Rc8 19. Bd4 Ke7 20. Kf2 (
20. c4 Bc6 21. cxd5 Bxd5 $11) 20... Bb5 $5 {The most interesting move of the
game, black wants to be active even at the cost of a pawn.} 21. Rhc1 (21. Bxb5
axb5 22. Rxb5 Ne4+ 23. Nxe4 Rxc2+ 24. Ke3 dxe4 25. Ra5 (25. Kxe4 Rhc8 26. Rb4
Nc3+ 27. Bxc3 R8xc3 $11) 25... Nc3 26. Bxc3 Rxc3+ 27. Kxe4 Rc4+ 28. Ke3 Rd8 29.
Ra7 Rd7 30. a4 Rc3+ $11) 21... Nxb6 22. Bxb5 axb5 23. Rxb5 Nbd7 (23... Nd3+ $2
24. cxd3 Rxc1 25. Rxb6 $18) 24. Ke2 Rc7 25. c4 dxc4 26. Rxc4 (26. Nxc4 Na4 27.
Rb4 Ra8 (27... Rhc8 28. Rxa4 b5 29. Rb4 Rxc4 30. Rbxc4 bxc4 31. a4 $14) 28. Be3
h5 $13) 26... Rhc8 27. a4 $6 (27. Ke3 h5 28. a4 f6 $14) 27... Nb3 $1 {The last
trick, that completely equalizes the position.} 28. Rxb3 (28. Rxc7 Nxd4+ 29.
Kd3 Rxc7 30. Kxd4 Nb8 $11) 28... Rxc4 29. Nxc4 Rxc4 30. Ke3 b6 31. Bxb6 Nxb6
32. Rxb6 (32. Rxb6 Rxa4 $11) 1/2-1/2

[Event "Rome"]
[Site "Rome"]
[Date "1981.??.??"]
[Round "?"]
[White "Mariotti, Sergio"]
[Black "Kortschnoj, Viktor Lvovich"]
[Result "0-1"]
[WhiteElo "2485"]
[BlackElo "2650"]
[Annotator "Gagarin,V"]
[PlyCount "80"]
[EventDate "1981.02.??"]
[EventType "tourn"]
[EventRounds "9"]
[EventCountry "ITA"]
[EventCategory "10"]
[SourceTitle "MCL"]
[Source "ChessBase"]
[SourceDate "1999.07.01"]
[SourceVersion "1"]
[SourceVersionDate "1999.07.01"]
[SourceQuality "1"]

1. e4 c5 2. Nf3 e6 3. d4 cxd4 4. Nxd4 Nc6 5. Nc3 d6 6. f4 Nf6 7. Be3 Be7 8. Qf3
e5 9. Nf5 $6 (9. Nxc6 bxc6 10. f5 $5 (10. fxe5 dxe5 (10... Ng4 $5 11. exd6 Qxd6
$44 {Zaitsev,I}) 11. Bc4 O-O 12. h3 $1 Be6 $5 13. Bxe6 fxe6 $132 {Petrosian})
10... Qa5 11. Bc4 $1 Rb8 12. O-O-O O-O $13) 9... Bxf5 10. exf5 Nd4 $1 (10...
O-O $6 11. O-O-O Qa5 12. Bc4 exf4 13. Qxf4 Rac8 14. g4 Ne5 15. Bb3 Nexg4 16.
Nd5 Qd8 17. Nxf6+ Nxf6 18. Bd4 $44 {Kirpichnikov,V-Kirilov,V/Riga-ch/1965/1:0/
41/}) (10... Qa5 $6 11. Bd3 O-O 12. O-O d5 13. fxe5 Nxe5 14. Qg3 Bc5 15. Bxc5
Qxc5+ 16. Kh1 $10 {Beshukov,S-Neverov,V/St.Petersburg/1993/1/2-1/2/75/}) (10...
e4 $6 11. Nxe4 Nxe4 12. Qxe4 d5 $44 {Chesnauskas-Valishev/URS/1974/}) 11. Bxd4
exd4 12. Nb5 (12. Ne4 Qa5+ 13. Nd2 d5 14. Qb3 O-O 15. O-O-O Ng4 $17) 12... Qa5+
13. c3 (13. Kd1 d5 14. Nxd4 O-O 15. Bd3 Ne4 $5 16. Nb3 Qb6 17. Kc1 Rfe8 18. Rd1
Rac8 19. Kb1 Bf6 $44 {Hamdouchi,H-Lepelletier,B/Cannes/1994/0:1/46/}) 13...
dxc3 14. Qxc3 (14. Nxc3 O-O $36) 14... Qxc3+ 15. Nxc3 (15. bxc3 $2 O-O 16. Kd2
(16. Bd3 Nd5 17. g3 a6 $19) 16... a6 17. Nd4 Ne4+ 18. Kc2 Rac8 $17) 15... O-O-O
$15 16. O-O-O (16. Bd3 $5 d5 17. Kf2 Rhe8 18. Kf3 $15) 16... d5 17. Kb1 (17.
Bd3 Bc5 18. Kc2 Ng4 $36) 17... Bc5 18. g3 Rhe8 19. Bb5 Re7 20. Rhe1 $6 (20. a3
$5) 20... Rxe1 21. Rxe1 a6 22. Bd3 Bb4 $1 $17 23. Rc1 (23. Re2 $5 Bxc3 24. bxc3
Kd7 $17) 23... Bxc3 $1 24. Rxc3+ Kd7 25. a4 (25. Kc1 Rc8 $5 $17) 25... Kd6 26.
Kc1 Re8 27. Kd2 (27. Rb3 Rc8+ 28. Kd2 Rc7 $17 {/\ Nd7}) 27... Nd7 28. b4 Nb8 (
28... f6 29. a5 $132 {/\ b5}) 29. b5 $1 (29. a5 Nc6 30. Rb3 (30. b5 $6 axb5 31.
Bxb5 {/\ a6} Re4 $1 32. a6 Rb4 33. Bxc6 (33. Rxc6+ bxc6 34. a7 Rb2+ $19) 33...
bxc6 34. Ra3 Rb8 35. a7 Ra8 36. Kc3 Kc5 $19) 30... Nd4 31. Rb2 Nf3+ 32. Kc3
Rc8+ (32... Re3 $5 $17) 33. Kb3 Nd4+ 34. Ka2 Rc3 $17) (29. Rb3 Nc6 30. Rb2 Nd4
$17) 29... a5 30. g4 $2 (30. b6 $5 Nc6 (30... Nd7 $2 31. Bb5 Re7 32. Bxd7 Rxd7
33. Rb3 $13 {/\ Rb5}) 31. Bb5 Re4 32. Rc1 $17) (30. f6 $1 g6 (30... gxf6 31.
Bxh7 Rh8 32. Bf5 Rxh2+ 33. Ke3 Nd7 (33... Ra2 $4 34. Rc8 $16) 34. Bxd7 Kxd7 35.
b6 $132) 31. b6 $1 Nc6 32. g4 $132 {/\ g5, h4-h5}) 30... Nd7 $19 {>< a4} 31.
Bc2 h6 32. Rh3 f6 $1 33. Rb3 {/\ b6<=>} Nb6 $1 34. g5 (34. Bd3 $2 Nxa4 35. Ra3
Nc5 $19) 34... Nc4+ 35. Kd1 Rh8 36. Rh3 Kc5 37. gxf6 gxf6 38. Rg3 Rc8 $1 39.
Bb3 (39. Rg7 Kb4 $19 {/\ Ne3}) 39... Kb4 40. Bxc4 (40. Ke2 Re8+ 41. Kf2 $8 Re4
$19) 40... dxc4 (40... dxc4 41. Rg7 Kxa4 42. Rxb7 Kb3 $19) 0-1

[Event "Rubinstein Memorial 35th"]
[Site "Polanica Zdroj"]
[Date "1998.08.17"]
[Round "1"]
[White "Oll, Lembit"]
[Black "Gelfand, Boris"]
[Result "1/2-1/2"]
[WhiteElo "2650"]
[BlackElo "2675"]
[Annotator "Gelfand/Huzman"]
[PlyCount "227"]
[EventDate "1998.08.17"]
[EventType "tourn"]
[EventRounds "11"]
[EventCountry "POL"]
[EventCategory "17"]
[SourceTitle "CBM 067"]
[Source "ChessBase"]
[SourceDate "1998.11.30"]
[SourceVersion "2"]
[SourceVersionDate "1998.11.01"]
[SourceQuality "1"]

1. e4 c5 2. Nf3 Nc6 3. d4 cxd4 4. Nxd4 e6 5. Nc3 d6 6. f4 Nf6 7. Nf3 Be7 8. Bd3
O-O 9. O-O Nb4 10. Kh1 Nxd3 11. cxd3 b6 12. Be3 $146 (12. Nd4 Bb7 13. Qf3 g6
14. Qh3 e5 15. Nf3 exf4 16. Qh6 Nh5 17. Bxf4 Nxf4 18. Qxf4 Rc8 19. Nd4 Bg5 20.
Qf3 Qd7 21. Qg3 Be7 22. Nd5 Bxd5 23. exd5 Rfe8 24. Nc6 Bf8 $17 {Kavalek,
L-Andersson,U/Turin1982,33/(329)}) 12... Bb7 13. Bd4 $6 (13. Nd4 $142 g6) 13...
Nh5 14. Qd2 $6 (14. f5 exf5 15. Nd2 $13 Bf6 16. Bxf6 (16. Nb3 g6 17. exf5 Bxd4
18. Nxd4 Qh4 $36) 16... Nxf6 17. Rxf5 Re8 (17... Rc8 18. d4 Re8 19. Qf3) 18.
Qf3 Re5 $11) 14... f5 $1 $15 15. Be3 Qd7 16. Nd4 Bf6 (16... Nf6 $5 17. Qc2 Kh8
18. exf5 $142 (18. Qb3 fxe4 19. Qxe6 (19. Nxe6 exd3 20. Nxf8 Qh3 (20... Rxf8
$44) 21. Nd5 Qg4 $1 (21... Nxd5 22. gxh3 Nxf4+ 23. Rf3 Bxf3+ 24. Kg1 Nxh3+ 25.
Kf1 Rxf8 $44) 22. h3 Qf5 $19) 19... exd3 20. Rad1 Qxe6 (20... Ba6) 21. Nxe6
Rfc8 $17) 18... exf5 19. Qb3 $15) 17. Nde2 Rae8 (17... g6 $142 $5) 18. Rad1 (
18. a4 $5 $132) 18... g6 19. Bd4 e5 (19... Nxf4 $1 20. Qxf4 (20. Bxf6 Nxe2 21.
e5 Nd4 $17) 20... e5 21. Bxe5 dxe5 $17) 20. Be3 Bg7 21. fxe5 dxe5 (21... Bxe5
22. Bh6 Rf7 $15) 22. Bh6 fxe4 (22... f4 23. Bxg7 Kxg7 $15) (22... Rd8 $1 23.
Bg5 Rc8 $17) 23. dxe4 (23. Nxe4 Rxf1+ 24. Rxf1 Bxh6 25. Qxh6 Bxe4 (25... Qxd3
26. Ng5 Bxg2+ 27. Kxg2 (27. Kg1 Qe3+ 28. Rf2 Nf6) 27... Qxe2+ $11 28. Kg1 Qg4+
29. Kh1 Qd7 30. Rf7) 26. dxe4 Qd3 $19) 23... Qxd2 24. Bxd2 Nf6 25. Ng3 h5 (
25... Ng4 $5 26. Rxf8+ Bxf8 27. Be1 $15) (25... Rd8 26. Bg5 Rd4 $15) 26. Bg5
Nh7 (26... Ng4 27. Rxf8+ Bxf8 28. Rd7 $132) 27. Rxf8+ (27. h4 $5 Nxg5 28. hxg5
h4 (28... Ba6 29. Rxf8+ Rxf8 30. Kg1 Rf7 31. Nd5 Bf8 32. Nf6+ Kh8 33. Rd8 $132)
29. Nge2 Rxf1+ 30. Rxf1 Bf8 $5 $15 (30... Rd8 31. Nd5 $11)) 27... Bxf8 28. Rd8
(28. Be3 h4 29. Nf1 Nf6 $17) 28... Rxd8 29. Bxd8 Kf7 30. Nf1 Nf6 (30... Bh6 $5)
(30... Bc5 31. Nd2 Ke6 32. Nf3 $15) 31. Nd2 Bc5 (31... Ke6 $1 32. Bxf6 Kxf6 $17
) 32. Nf3 Ng4 (32... Nxe4 33. Nxe4 Bxe4 34. Ng5+ Ke8 35. Bxb6 Bxg2+ 36. Kxg2
axb6 37. Kf3 $11) 33. h3 (33. Bh4 Ke6 34. Ng5+ Kd7 35. Nf3 Bd4 $15) 33... Nf2+
34. Kh2 Ke8 $2 (34... Ke6 35. Ng5+ Kd7 36. Bf6 Nd3 $17) 35. Bc7 $2 (35. Bf6 $1
Nxe4 36. Nxe4 Bxe4 37. Nxe5 $15 Be7 $140 $5 38. Bxe7 Kxe7 39. Kg3 Ke6 40. Nf3
Kd5 41. Kf4 $15) 35... Nxe4 36. Nxe4 Bxe4 37. Bxe5 Ke7 38. Kg3 Ke6 39. Kf4 Kd5
40. Bc3 a5 41. g4 Bd6+ (41... a4 42. Nd2 Bd3 43. a3) 42. Ke3 a4 43. Bf6 (43. a3
$2 hxg4 44. hxg4 Bxf3 45. Kxf3 Kc4 46. Bf6 Kd3 $19) 43... b5 (43... Bb1 44. a3
Be4 45. Ng5 Bh1 $15) (43... hxg4 44. hxg4 Bxf3 45. Kxf3 Be5 46. Bxe5 $1 (46.
Bd8 b5 47. b3 axb3 (47... Kd4) 48. axb3 Kd4) 46... Kxe5 47. Ke3 g5 (47... b5
48. b4 $1 a3 (48... axb3 49. axb3 b4 50. Kd3 Kf4 51. Kc4 Kxg4 52. Kxb4 $11) 49.
g5 Kf5 50. Kd4 $11) 48. b4 $1 a3 49. b5 Kd5 50. Kd3 Kc5 51. Kc3 Kxb5 52. Kb3
$11) 44. Nd2 Bg2 45. gxh5 gxh5 46. h4 Ke6 (46... b4 $1 47. b3 a3 48. Nc4 Bc5+
49. Ke2 Be4 $17) 47. Bd8 Bd5 $2 (47... Kf5 $1 48. Nf3 (48. b3 Kg4 (48... Bc5+
49. Kd3 a3 $5) 49. bxa4 bxa4 50. Kd4 Bg3 51. Nc4 Bf2+) 48... Bc5+ (48... Kg4
49. Nd4 b4 50. b3 a3 51. Nc2 $132) 49. Ke2 Kg4 50. Ne5+ Kg3 51. Nd7 Bd4 $17)
48. b3 a3 (48... Kf5 49. Kd4) 49. Ne4 Be5 (49... Bf8 50. Kf4) 50. Ba5 $1 Kf5
51. Nc3 Bc6 52. Bb4 Kg4 53. Kd3 $1 Kxh4 54. Bxa3 Kg4 55. Be7 h4 (55... b4 56.
Nd1 (56. Bxb4 h4 57. Nd1 Kf3 $19) 56... h4 57. Ne3+ Kh5 58. Bxh4 Kxh4 59. Kc4)
56. Bxh4 Kxh4 57. a4 bxa4 58. bxa4 Bg2 59. Kc4 Bf1+ 60. Kb3 Kg5 61. a5 Kf5 62.
Na4 Bd4 63. Nb2 Ke6 64. Kc2 Kd5 65. Kb3 Kc6 66. Kc2 Kb5 67. Kb3 Bh3 68. a6 Be6+
69. Kc2 Kxa6 70. Na4 Kb5 71. Nb2 Bg8 72. Nd1 Kb4 73. Kd3 Bf6 74. Ke4 Kc5 75.
Ne3 Bd4 76. Kf4 Bf6 77. Ng2 Kd4 78. Kf3 Bd5+ 79. Kf2 Ke4 80. Kg3 Be5+ 81. Kf2
Bb7 82. Nh4 Bc7 83. Ng2 Kf5 84. Ne3+ Kf4 85. Ng2+ Kg4 86. Ne3+ Kh3 87. Nd1 Bf4
88. Ke2 Kg3 89. Kd3 Kf3 90. Kc2 Ke2 91. Nc3+ Ke1 92. Kb3 Kd2 93. Kc4 Be3 94.
Na4 Bc6 95. Nc5 Bg2 96. Nb3+ Kc2 97. Nd4+ Kb2 98. Kd3 Bg5 99. Ke2 Bd5 100. Nf3
Bf6 101. Kf2 Kc3 102. Kg3 Kd3 103. Nh4 Ke2 104. Nf5 Be6 105. Kf4 Bd7 106. Ng3+
Kd3 107. Nf5 Kc4 108. Ne3+ Kd4 109. Ng2 Kd3 110. Kf3 Bc6+ 111. Kf2 Bg5 112.
Ne1+ Ke4 113. Ng2 Kf5 114. Kg3 1/2-1/2